000 00451nam a2200157Ia 4500
008 240729s9999 xx 000 0 und d
022 _a2382-9990
245 0 _aWomen’s Health Bulletin
260 _aIran, Islamic Republic of
260 _bShiraz University of Medical Sciences
650 _a Medicine (General)
650 _aMedicine
856 _uhttps://doaj.org/toc/b9d0febd19a64e31b4c978c78d1f77d1
942 _2ddc
942 _cDOAJEJ
999 _c67466
_d67466
945 _a1
_bMadushi Gamage
_c1
_dMadushi Gamage